| 000 | 01086cam a2200289 a 4500 | ||
|---|---|---|---|
| 001 | 17620 | ||
| 003 | BD-RjUL | ||
| 005 | 20211209000152.0 | ||
| 008 | 140217s1948 nyu j b 001 0 eng | ||
| 035 | _a(BD-RjUL)17678 | ||
| 040 |
_aDLC _cDLC _dDLC _dBD-RjUL _beng |
||
| 041 | _aeng | ||
| 082 | 0 | 0 |
_a822.3 _219 _bBEN |
| 245 | 0 | 0 |
_aBen Jonson / _cedited and with an introduction by Harold Bloom. |
| 260 |
_aNew York : _bChelsea House Publishers, _c1948. |
||
| 300 |
_alxxii, 431 p. ; _c25 cm. |
||
| 504 | _aIncludes Bibliography: p. 243-245 and index. | ||
| 520 | _aA collection of fourteen critical essays on the works of the English dramatist and poet arranged in chronological order of publication. | ||
| 600 | 1 | 0 |
_aJonson, Ben, _d1573?-1637 _xCriticism and interpretation. _954340 |
| 600 | 1 | 1 |
_aJonson, Ben, _d1573?-1637 _xCriticism and interpretation. _954341 |
| 650 | 1 |
_aEnglish literature _xHistory and criticism. _952967 |
|
| 700 | 1 |
_aBloom, Harold. _954325 |
|
| 942 |
_2ddc _cBK |
||
| 999 |
_c17620 _d17620 |
||